000 00816cam7a220027700 4500
001 lce00671227
008 710406s1967 sz a b 000 0 eng
010 _a 68092572 //r88
015 _aSw68-A-245
020 _csfr 20.50
035 _a(Sirsi) r66112
035 _a(DLC) 68092572 //r88
035 _a(UPRA)lce00671227
040 _dUPRA
050 0 _aQR360
_b.H25
082 _a616.2
100 1 _aHamre, Dorothy.
_6A26525.1
245 1 0 _aRhinoviruses.
260 _aBasel ; New York :
_aBasel ; New York :
_bS. Karger,
_c1968 [i.e. 1967]
490 1 _aMonographs in virology ;
_vv. 1
504 _aBibliography: p. [80]-85.
650 0 _aRhinoviruses.
_6S19070.1
830 0 _aMonographs in virology ;
_vvol. 1.
_6S4871.1
949 _aQR360
_wLC
_i-88388
_mMEDICAL
_tBOOK
_lON-SHELF
004 66112
999 _c53250
_d53250